Bezpośrednie loty z lotniska Warszawa- Chopina (stan na 04.2025) - Statystyki

Ogólne statystyki
  • Ten quiz został rozwiązany 48 razy
  • Średni wynik to 157 z 276
Statystyki odpowiedzi
Hint Odpowiedź % Poprawnych
Air France | LOT | Wizzair Paryż
100%
Air Contractors (towarowy) | FedEx (towarowy) Paryź
100%
British Airways | LOT | Wizzair Londyn
96%
LOT Sofia
96%
LOT | Smartwings Poland (sezonowo) | Turkish Airlines Stambuł
96%
Austrian Airlines | LOT | Ryanair Wiedeń
96%
Finnair Helsinki
93%
Air China | LOT Pekin
93%
KLM | LOT Amsterdam
89%
Aegean Airlines | LOT | Sky Express Ateny
89%
Brussels Airlines | LOT | Ryanair | Wizzair Bruksela
89%
Emirates | Enter Air (sezonowo) | Flydubai | LOT (sezonowo) Dubaj
89%
Aer Lingus (sezonowo) Dublin
86%
LOT | LOT Cargo (towarowy) Nowy Jork
86%
LOT | Norwegian | Wizzair Oslo
86%
LOT | Wizzair Rzym
86%
Etihad Airways Abu Zabi
82%
LOT | Wizzair Barcelona
82%
LOT | Sprint Air (towarowy) Gdańsk
82%
LOT | TAP Portugal | Wizzair Lizbona
82%
LOT Berlin
79%
LOT | Wizzair Budapeszt
79%
LOT | SAS | Wizzair Kopenhaga
79%
LOT Los Angeles
79%
LOT | Wizzair Mediolan
79%
LOT | SAS | Wizzair Sztokholm
79%
LOT | SWISS Zurych
79%
LOT Kair
75%
LOT | Sprint Air (towarowy) Katowice
75%
LOT Kraków
75%
LOT Lublin
75%
LOT Miami
75%
LOT | Lufthansa Monachium
75%
LOT Praga
75%
Corendon Airlines (sezonowo) | Enter Air (czarter) | LOT (czarter) | +4 others Antalya
71%
LOT Belgrad
71%
Qatar Airways Doha
71%
LOT | Lufthansa Frankfurt
71%
LOT Madryt
71%
LOT | Sprint Air (towarowy) Poznań
71%
LOT Szczecin
71%
LOT Tallin
71%
LOT Tokio
71%
LOT | Wizzair Wenecja
71%
Sprint Air (towarowy) Wrocław
71%
LOT Zagrzeb
71%
Pegasus Airlines Ankara
68%
LOT Bukareszt
68%
LOT | Sprint Air (towarowy) Bydgoszcz
68%
LOT Lyon
68%
LOT | Play (sezonowo) | Wizzair Reykjavik
68%
LOT Ryga
68%
LOT Rzeszów
68%
LOT | Wizzair Tel Awiw
68%
LOT Toronto
68%
LOT Wilno
68%
Ethiopian Airlines Addis Abeba
64%
LOT Chicago
64%
LOT Hamburg
64%
LOT | Wizzair Kiszyniów
64%
LOT | Wizzair Nicea
64%
LOT Seul
64%
Bulgaria Air Warna
64%
LOT (czarter) Bangkok
61%
LOT (sezonowo) | Smartwings Poland (czarter) | Wizzair (sezonowo) Burgas
61%
LOT Delhi
61%
LOT Genewa
61%
Austrian Airlines (sezonowo) | LOT (sezonowo) Innsbruck
61%
Enter Air (czarter) | Smartwings Poland (sezonowo) Kos
61%
Ryanair Manchester
61%
Wizzair Neapol
61%
Wizzair (sezonowo) Porto
61%
Enter Air (czarter) Sal
61%
LOT Sarajewo
61%
LOT (sezonowo) | Smartwings Poland (sezonowo) | Wizzair (sezonowo) Split
61%
Enter Air (czarter) | LOT | Ryanair (sezonowo) | +2 others Tirana
61%
Eurowings | LOT Dusseldorf
57%
Enter Air (czarter) | LOT (czarter) | Pegasus Airlines (sezonowo) | Smartwings Poland (czarter) Izmir
57%
LOT | Wizzair Larnaka
57%
LOT | Wizzair Malta
57%
Smartwings Poland (czarter) Palermo
57%
LOT Rijad
57%
LOT (sezonowo) | Smartwings Poland (sezonowo) | Wizzair (sezonowo) Rodos
57%
Wizzair (sezonowo) Turyn
57%
LOT Zielona Góra
57%
LOT Astana
54%
LOT Baku
54%
Wizzair Dortmund
54%
LOT | Wizzair Goteborg
54%
Ryanair (sezonowo) | Wizzair Malaga
54%
Wizzair (sezonowo) Marrakesz
54%
LOT Mumbaj
54%
LOT | Smartwings Poland (sezonowo) | Wizzair (sezonowo) Podgorica
54%
LOT Stuttgart
54%
Wizzair Walencja
54%
Wizzair Bari
50%
LOT Erywań
50%
Enter Air (czarter) | Smartwings Poland (czarter) Hurghada
50%
Smartwings Poland (sezonowo) | Wizzair Katania
50%
LOT Koszyce
50%
Enter Air (czarter) | Smartwings Poland (czarter) Marsa Alam
50%
LOT Newark
50%
LOT Ostrawa
50%
Wizzair Sewilla
50%
LOT Skopje
50%
LOT Tbilisi
50%
LOT | Wizzair Teneryfa
50%
LOT (sezonowo) | Wizzair (sezonowo) Bilbao
46%
Wizzair Bolonia
46%
Wizzair (sezonowo) Chania
46%
LOT (sezonowo) | Smartwings Poland (sezonowo) | Wizzair (sezonowo) Dubrownik
46%
LOT Kluż-Napoka
46%
Wizzair Liverpool
46%
Ryanair (sezonowo) | Wizzair Piza
46%
LOT Saloniki
46%
Ryanair | Wizzair Alicante
43%
LOT Billund
43%
Enter Air (czarter) | Smartwings Poland (czarter) | Wizzair Fuerteventura
43%
Enter Air (czarter) | Smartwings Poland (czarter) | Wizzair (sezonowo) Heraklion
43%
LOT Taszkent
43%
LOT Bejrut
39%
Enter Air (czarter) | LOT (czarter) | Smartwings Poland (czarter) Bodrum
39%
LOT (czarter) Cancun
39%
Smartwings Poland (sezonowo) Faro
39%
Enter Air (czarter) Gran Canaria
39%
UPS (towarowy) Kolonia
39%
LOT Lublana
39%
LOT (czarter) Male
39%
LOT Oradea
39%
Air Arabia (sezonowo) Szardża
39%
Corendon Airlines (sezonowo) Alanya
36%
Wizzair (sezonowo) Genua
36%
Enter Air (czarter) | Smartwings Poland (czarter) Lanzarote
36%
Wizzair Leeds
36%
LOT Luksemburg
36%
Ryanair Pafos
36%
LOT (czarter) Phuket
36%
Enter Air (czarter) Szarm el-Szejk
36%
Smartwings Poland (sezonowo) Agadir
32%
LOT (czarter) Kolombo
32%
Wizzair Kutaisi
32%
DHL (towarowy) Lipsk
32%
LOT (czarter) | Ryanair | Smartwings Poland (czarter) | Wizzair (sezonowo) Palma de Mallorca
32%
Smartwings Poland (sezonowo) | Wizzair (sezonowo) Santorini
32%
LOT (czarter) Zanzibar
32%
LOT (czarter) | Smartwings Poland (sezonowo) Girona
29%
LOT (czarter) Krabi
29%
Enter Air (czarter) | Smartwings Poland (sezonowo) Mombasa
29%
Wizzair (sezonowo) Olbia
29%
LOT (czarter) Punta Cana
29%
LOT (sezonowo) Strasburg
29%
Wizzair Bazylea
25%
Wizzair (sezonowo) Zakynthos
25%
Nouvelair (czarter) Dżerba
21%
Enter Air (czarter) Enfidha
21%
LOT (sezonowo) | Smartwings Poland (sezonowo) | Wizzair (sezonowo) Korfu
21%
LOT (czarter) Phu Quoc
21%
Enter Air (czarter) | LOT (czarter) | Smartwings Poland (czarter) Dalaman
18%
Wizzair (sezonowo) Grenoble
18%
LOT (czarter) Puerto Plata
14%
LOT (czarter) Varadero
14%
Wizzair (sezonowo) Werona
14%
Wizzair Madyt
11%
Neos (czarter) Nosy Be
11%
Wizzair Einhoven
7%
LOT (czarter) Langkawi
7%
Enter Air (czarter) | Smartwings Poland (czarter) Patras
7%
LOT (czarter) | Plus Ultra Lineas Aereas (czarter) Porlamar
7%
Enter Air (czarter) Salala
7%
LOT (czarter) Salvador
7%
Enter Air (czarter) Bandżul
4%
Wizzair Bukareszy
4%
LOT Cargo (towarowy) Hamilton
4%
SunExpress Izmie
4%
Nouvelair (czarter) Monastyl
4%
Nie znaleziono quizów pasujących do podanych kryteriów
Rozkład punktacji
Procent ludzi z każdym wynikiem
Percentyl według liczby udzielonych odpowiedzi
Twoja historia wyników
Nie rozwiązałeś tego quizu